Central Library OPAC University of Rajshahi

Food and drink in ancient Bengal / (Record no. 36305)

MARC details
000 -LEADER
fixed length control field 00687nam a2200217 a 4500
001 - CONTROL NUMBER
control field 36305
003 - CONTROL NUMBER IDENTIFIER
rucl marc code BD-RjUL
005 - DATE AND TIME OF LATEST TRANSACTION
control field 20211209052452.0
008 - FIXED-LENGTH DATA ELEMENTS--GENERAL INFORMATION
fixed length control field 190212s1959 ii 000 0 eng
035 ## - SYSTEM CONTROL NUMBER
System control number (BD-RjUL)36402
040 ## - CATALOGING SOURCE
Original cataloging agency DLC
Transcribing agency DLC
Language of cataloging eng
Modifying agency BD-RjUL
041 ## - LANGUAGE CODE
Language code of text/sound track or separate title eng
082 ## - DEWEY DECIMAL CLASSIFICATION NUMBER
Edition number 23
Classification number 641.095414
Author mark and year CHF 1959
100 1# - MAIN ENTRY--PERSONAL NAME
Personal name Chakravarty, Taponath
9 (RLIN) 228121
245 10 - TITLE STATEMENT
Title Food and drink in ancient Bengal /
Statement of responsibility, etc. With a foreword by Bidhan Chandra Roy ; by Taponath Chakravarty
260 ## - PUBLICATION, DISTRIBUTION, ETC. (IMPRINT)
Place of publication, distribution, etc. Calcutta :
Name of publisher, distributor, etc. P. Chakravarty,
Date of publication, distribution, etc. [1959]
300 ## - PHYSICAL DESCRIPTION
Pagination vi, 72 p. ;
Size 25 cm.
650 ## - SUBJECT ADDED ENTRY--TOPICAL TERM
Topical term or geographic name as entry element Diet
Geographic subdivision India
-- Bengal.
9 (RLIN) 228124
700 ## - ADDED ENTRY--PERSONAL NAME
Personal name Roy, Bidhan Chandra, foreworder
942 ## - ADDED ENTRY ELEMENTS (KOHA)
Source of classification or shelving scheme Dewey Decimal Classification
Koha item type Rare Books
Holdings
Lost status Source of classification or shelving scheme Damaged status Not for loan Collection code Permanent Location Current Location Shelving location Date acquired Total Checkouts Full call number Date last seen Copy number Koha item type
  Dewey Decimal Classification   Not For Loan Rare Books Central Library, University of Rajshahi Central Library, University of Rajshahi Rare Book Section 12/02/2019   RA 641.095414 CHF 1959 12/02/2019 C-1 Rare Books